000
00320 a2200121 4500
020
_a
9783319951768
100
_a
BOSCH, SIEGFRIED
245
_a
ALGEBRA FROM THE VIEW POINT OF GALOIS THEORY
250
_a
1
260
_b
SPRINGER, SWITZERLAND
_c
2018
440
_a
BIRKHAUSER ADVANCED TEXTS BASLER LEHRBUCHER
942
_c
BK
999
_c
88212
_d
88212